000 00813nam a22002057a 4500
008 110420r19882010ii|||||r|||| 001 0 eng d
020 _a8123901828
020 _a9788123901824
082 _222
_a624.154
_bMIT
100 _923210
_aMittal, Satyendra
245 _aPile Foundation Design and Construction /
_cSatyendra Mittal
260 _aNew Delhi :
_bCBS Publ., 1988.
_c1988
300 _a84 p. :
_bill.;
_c22 cm.
490 _923209
_aCBS Civil EngineeringTexts
504 _aIncludes bibliographical references(pp. 85-86) and index
650 _923211
_aPiling (Civil engineering)
653 _bCiv
_cApril2011
942 _2ddc
_cBB
999 _c15146
_d15146